000 00240nam a2200109Ia 4500
008 140130s9999 xx 000 0 und d
245 _cMayer, Mercer
_aI was so mad
260 _bScholastic,
440 _v1
942 _cBK
999 _c42233
_d42233